| 000 | 01041nam a2200265Ii 4500 | ||
|---|---|---|---|
| 001 | 45858 | ||
| 005 | 20250917172236.0 | ||
| 008 | 241108s9999||||xx |||||||||||||| ||und|| | ||
| 020 | _a9501520730 | ||
| 040 |
_aCO-ViMGA _bspa _erda _cCO-ViMGA |
||
| 082 | 0 | 4 |
_a940.282 J65n _bJ65n _223 |
| 100 | 1 |
_aJohnson, Paul _d1928-2023 _eautor _964980 |
|
| 245 | 1 | 0 |
_aEl nacimiento del mundo moderno / _cPaul Johnson ; traducción Aníbal Leal. |
| 264 | 1 |
_aBuenos Aires, Argentina : _bJavier Vergara, _c2002 |
|
| 300 |
_a1087 páginas _c23 cm. |
||
| 336 |
_atexto _btxt _2rdacontenido |
||
| 337 |
_ano mediado _bn _2rdamedio |
||
| 338 |
_avolume _bnc _2rdacarrier |
||
| 534 | _bTítulo original. $tThe birth of the modern. | ||
| 651 |
_aEstados Unidos _xCondiciones económicas _y1815-1830 _964981 |
||
| 651 |
_aEstados Unidos $x Condiciones sociales $y 1815-1830. _xCondiciones sociales _y1815-1830. _964982 |
||
| 651 |
_aEuropa _xCondiciones económica _y1815-1830 _964983 |
||
| 700 |
_aLeal, Aníbal Carlos Timoteo _etraductor _964984 |
||
| 942 |
_cBK _2ddc |
||
| 999 |
_c45858 _d45858 |
||